Analysis of linear systems (Record no. 4150)

000 -LEADER
fixed length control field 00506nam a22001931 4500
001 - CONTROL NUMBER
control field 4150
003 - CONTROL NUMBER IDENTIFIER
control field BD-DhUET
008 - FIXED-LENGTH DATA ELEMENTS--GENERAL INFORMATION
fixed length control field 790416s1959 maua 000 0 eng
040 ## - CATALOGING SOURCE
Original cataloging agency DLC
Transcribing agency DLC
Modifying agency BD-DhUET
082 ## - DEWEY DECIMAL CLASSIFICATION NUMBER
Classification number 629.83
Item number CHE/1959
100 1# - MAIN ENTRY--PERSONAL NAME
Personal name Cheng, David K.
245 00 - TITLE STATEMENT
Title Analysis of linear systems
250 ## - EDITION STATEMENT
Edition statement 1st ed.
260 ## - PUBLICATION, DISTRIBUTION, ETC. (IMPRINT)
Place of publication, distribution, etc. London
Name of publisher, distributor, etc. Addison-Wesley Publishing
Date of publication, distribution, etc. 1959
300 ## - PHYSICAL DESCRIPTION
Extent 431 p.
490 0# - SERIES STATEMENT
Series statement Addison-Wesley series in electrical engineering
650 #0 - SUBJECT ADDED ENTRY--TOPICAL TERM
Topical term or geographic name as entry element Linear Systems
942 ## - ADDED ENTRY ELEMENTS (KOHA)
Koha item type General Book
Holdings
Koha full call number Koha item type Sublocation or collection (holding branch) Withdrawn status Koha normalized classification for sorting Date acquired Source of classification or shelving scheme Damaged status Lost status Shelving location Piece designation (barcode) Koha date last seen Copy number Price effective from Not for loan Location (home branch)
629.83/CHE/1959General BookCentral Library, BUET 629_000000000000000_83CHE19592014-11-13   Circulation section783682014-11-1312014-11-13 Central Library, BUET
629.83/CHE/1959General BookCentral Library, BUET 629_000000000000000_83CHE19592014-11-13   Circulation section783702014-11-1322014-11-13 Central Library, BUET
629.83/CHE/1959General BookCentral Library, BUET 629_000000000000000_83CHE19592014-11-13   Circulation section783692014-11-1332014-11-13 Central Library, BUET
629.83/CHE/1959General BookCentral Library, BUET 629_000000000000000_83CHE19592014-11-17   Circulation section83302014-11-1742014-11-17 Central Library, BUET
629.83/CHE/1959General BookCentral Library, BUET 629_000000000000000_83CHE19592014-11-17   Circulation section249012014-11-1752014-11-17 Central Library, BUET
629.83/CHE/1959General BookCentral Library, BUET 629_000000000000000_83CHE19592014-11-18   Circulation section126822017-08-2862014-11-18 Central Library, BUET
629.83/CHE/1959Reading ItemCentral Library, BUET 629_830000000000000_CHE_19592015-06-20   Reading section248992015-06-2072015-06-20 Central Library, BUET
629.83/CHE/1959Reading ItemCentral Library, BUET 629_830000000000000_CHE_19592015-06-30   Reading section126902019-09-0782015-06-30 Central Library, BUET
629.83/CHE/1959Reading ItemCentral Library, BUET 629_830000000000000_CHE_19592015-06-30   Reading section83272015-06-3092015-06-30 Central Library, BUET
629.83/CHE/1959Reading ItemCentral Library, BUET 629_830000000000000_CHE_19592015-06-30   Reading section83312015-06-30102015-06-30 Central Library, BUET
629.83/CHE/1959Reading ItemCentral Library, BUET 629_830000000000000_CHE_19592015-07-04   Reading section83282015-07-04112015-07-04 Central Library, BUET
629.83/CHE/1959General BookCentral Library, BUET 629_830000000000000_CHE_19591973-10-04   Circulation section320582018-05-12122018-05-12 Central Library, BUET